000 00449nam a22001817a 4500
003 MPLRDC
005 20220104123824.0
008 210129b ||||| |||| 00| 0 eng d
020 _a9971-3-0079-6
082 _a811.1 WY v.1
100 _a伟蕴编
245 _a中学作文. 上册
_c
260 _a
_b世界书局有限公司
_c1983
300 _b
490 _a中学会考自修丛书
650 _a写作法
942 _cBK
_o811.1 WY v.1
999 _c14472
_d14462